000 01086cam a2200277 a 4500
005 20060727191221.0
008 051208s2005 ii b 000 0 eng
010 _aENG-95839
020 _a9780198066804
_c295.00
020 _a0198066805
_c295.00
035 _aEN-79312
037 _bDBAD/PUB
040 _aDPL
245 _aEarly Indian poetry in English :
_ban anthology: 1829-1947 /
_cedited and with an introduction by Eunice De Souza.
246 _aEarly Indian poetry in English 1829-1947
260 _aNew Delhi ;
_bOxford University Press,
_c2010
300 _axxxi, 341 p.
_c22 cm.(Pbk)
500 _aIncludes bibliographical references
650 _aIndic poetry (English)
_y19th century.
650 _aIndic poetry (English)
_y20th century.
700 _aDe Souza, Eunice.
856 _uhttp://www.loc.gov/catdir/enhancements/fy0639/2005386876-t.html
942 _2ddc
_cEN
_mEAR
999 _c33635
_d33635